01185nam a2200277 a 4500001001000000003000500010005001700015008004100032010001100073011001100084040000900095100002600104245020700130260004100337500006000378502007700438502010900515650002700624650005400651650002500705650003700730650002500767700002700792856001600819856007200835000113244CHAP20220329144345.0170523s2016 mx a fsm |||||||spa d a109705 a110677 cCHAP1 aNopala Tenango, Diego10aEvaluación del manejo químico de Peronosclerospora sorghi [(Weston & Uppal) Shaw] para maíz (Zea mays L.) en Tepalcingo, Morelos /h[En línea]cpor Diego Nopala Tenango y Armando Nopala Tenango. aChapingo, Méx. :bEl autor,c2016. aPara ver el contenido del material haga clic en la liga aTesis (Ing. Agr. Esp. en Fitotecnia) -- UACH. Departamento de Fitotecnia aTesis (Ing. Agr. Esp. en Parasitología Agrícola) -- UACH. Departamento de Parasitología Agrícola14aFungicidasxToxicidad.14aHongos fitopatógenosxResistencia a fungicidas.14aMaízxCrecimiento.14aMaízxEnfermedades por hongos.14aMaízxRendimiento.1 aArmando Nopala Tenango a1 n0000530 aFinding aiduhthttp://10.13.5.2/tesis/sist113244.pdfzTeclea aquí